II Encuentro Hemisférico de Lucha contra el ALCA: llamamiento de La Habana
Wedi'i Gadw mewn:
| Fformat: | Texto |
|---|---|
| Tagiau: |
Ychwanegu Tag
Dim Tagiau, Byddwch y cyntaf i dagio'r cofnod hwn!
|
MARC
| LEADER | 00000 a a2200000 04500 | ||
|---|---|---|---|
| 001 | 48377 | ||
| 003 | |||
| 040 | |||
| 245 | |a II Encuentro Hemisférico de Lucha contra el ALCA: |b llamamiento de La Habana | ||
| 773 | |g número362, (2002), páginas 17-19 | ||
| 999 | |c 36994 |d 36994 | ||
